00698nam a2200193 a 450000100060000000300090000600800410001502000180005604000280007408200180010210000250012024500420014526000230018730000100021050501480022065000530036865000580042165000250047922837CO-ViMGA141112s2004 ck r 000 u spa d a9789587112207 aCO-ViMGAbspacCO-ViMGA04a343.052 C151a1 aCamargo, Pedro Pablo10aLa acciòn de extinciòn de dominio aColombia : bLeyer a374p. aOrigen y evolucion de la accion de extincion del dominio, Reformas e intentos de enmienda, Accion de tutela vs accion de extincion de dominio14aCONFISCACION DE BIENES - LEGISLACION - COLOMBIA14aDERECHO DE PROPIEDAD - ASPECTOS JURIDICOS - COLOMBIA 14aPERDIDA DE DERECHOS